000 00660nam a2200265Ia 4500
001 30897
005 20240114001506.0
007 ta
008 060728s1925 g b000 u 491 u
020 _cHB
040 _aCotton College,Assam
041 _a491
082 _a294.1715
_bSa 74 P
100 _aSarma, H. .
245 0 _aPadmapurana and Kalidasa /
_cH.Sarma.
_hTextual Documents
250 _a1st ed. /
260 _aCalcutta :
_bR.N.Seal ,
_c1925.
300 _a100p. ;
_c22cm.
653 _aReligious Literature
653 _aPurana-Padma
653 _aG-Religion
942 _2ddc
_cBK
999 _c30879
_d30879